000 00602nam a2200229Ia 4500
003 OSt
005 20221005073256.0
006 a|||||r|||| 00| 0
007 ta
008 221004b |||||||| |||| 00| 0 eng d
024 _a89483
037 _cTextual
040 _aCRL
_cCRL
_beng
041 _2eng
_aeng
082 _az2xN, N9
100 _aThomas Christopher Ed.
_9407703
245 0 _aAssignment India
260 _aNew Delhi
_bHar Anand Publications India
_c1999
650 _aGENERALIA
942 _hz2xN, N9
_cTEXL
_2cc
999 _c980893
_d980893